00293nam a2200109Ia 4500008004100000041000800041082001500049100002000064245005600084260002400140300001900164241028s9999 xx 000 0 und d aeng a332.63 DIX aMatthew F Dixon aMachine Learning In Finance From Theory To Practice bSpringeraUSAc2020 a548;. P. 22 cm